| 000 | nam a22 7a 4500 | ||
|---|---|---|---|
| 999 |
_c4718 _d235222 |
||
| 020 | _a9789870328865 | ||
| 080 | _a347.6/ 64 SO 42 | ||
| 100 | _aSolari, Néstor E. | ||
| 245 | _aDerecho de las Familias | ||
| 260 |
_aCiudad Autonoma de Buenos Aires _bLa Ley _c2015 |
||
| 300 |
_a832 P. _c24 X 17 Cm. |
||
| 650 |
_xderecho de familia _xparentezco _xmatrimonio _xregimen patrimonial _xdeberes y derechos _xdisolucion _xnulidad _xdivorcio _xcompensacion economica _xatribucion de vivienda familiar _xregimen de separacion de bienes _xbienes propios _xbienes gananciales _xbigamia _xcontratos entre conyuges _xuniones convivenciales _xfiliacion _xacciones de filiacion _xfertilizacion humana asistida _xley 26862 _xfiliacion matrimonial _xfiliacion extramatrimonial _xadopcion _xguarda _xadopcion simple _xadopcion plena _xtransplante de organos _xresponsabilidad parental _xalimentos _xdeberes de progenitores _xderechos de progenitores _xcuidado personal _ximpedimento de contacto _xrestitucion internacional de menores _xtutela _xderecho de comunicacion de parientes _xderecho internacional privado _xderechos del niño _xley 26061 _xderechos de niños, niñas y adolescentes _xviolencia familiar _xviolencia contra la mujer _xoficina de violencia domestica |
||
| 945 |
_acd _d2018-06-15 |
||
| 942 | _6_ | ||